Statistics for boygenius - We're In Love (Lyrics)

Click here to take the quiz!

General Stats

  • This quiz has been taken 107 times
  • The average score is 242 of 288

Answer Stats

Answer% Correct
a
99%
I
99%
that
99%
we
99%
you
99%
You
99%
In
97%
in
97%
know
97%
love
97%
we're
97%
could
96%
hear
96%
my
96%
the
96%
do,
95%
how
95%
break
93%
heart
93%
it
93%
It
93%
no
93%
That's
93%
absolutely
92%
and
92%
And
92%
not
92%
to
92%
I'm
90%
is
90%
on
90%
be
89%
one
89%
one,
89%
so
89%
So
89%
don't
88%
don't
88%
If
88%
if
88%
me,
88%
me
88%
me?
88%
Who
88%
Will
88%
will
88%
like
86%
out
86%
your
86%
I'll
85%
still
85%
down
84%
never
84%
of
84%
say
84%
say,
84%
blood
82%
but
82%
what
82%
Go
81%
go
81%
help
81%
our
81%
enough
79%
have
79%
insane?
79%
Isn't
79%
ones
79%
pink
79%
put
79%
carnation
78%
feel
78%
knife,
78%
swapping
78%
turns
78%
you'll
78%
about
77%
boy
77%
next
77%
skin?
77%
song
77%
with
77%
hope
75%
it's
75%
need
75%
wrote
75%
anyway
74%
doesn't
74%
ever
74%
helps
74%
looks
74%
run
74%
sad
74%
Sing
74%
trash
74%
TV
74%
walk
74%
hell
73%
life,
73%
porcelain
73%
regular
73%
Some
73%
words
73%
along,
71%
been
71%
for
71%
future,
71%
karaoke
71%
lapel
71%
makes
71%
sings
71%
stripped
71%
ways
71%
Cold
70%
every
70%
lonely,
70%
man
70%
past
70%
pinned
70%
told
70%
wasn't
70%
asks
68%
can't
68%
Damn,
68%
October
68%
once
68%
part?
68%
There
68%
you've
68%
always
67%
checking
67%
crazy
67%
flattering,
67%
hummingbirds
67%
play
67%
feeling
66%
find
66%
lives,
66%
painting
66%
rewrite
66%
same
66%
baby
64%
listened
64%
mattered
64%
recognize
64%
remind
64%
scorpion
64%
bathers
63%
eyes
63%
scar
63%
smile
63%
something
63%
remember
62%
try
62%
all
60%
symbol
60%
until
60%
without
60%
may
59%
took
59%
imagine
58%
winter
58%
halo
55%
back
52%
comes
52%
lunar
49%
Redwoods
49%

Score Distribution

Percentile by Number Answered

Percent of People with Each Score

Your Score History

You have not taken this quiz